| Tag |
First Indicator |
Second Indicator |
Subfields |
| LEADER |
00000cam a2200000 i 4500 |
| 001 |
in00004792182 |
| 003 |
OCoLC |
| 005 |
20240918194609.7 |
| 008 |
231216t20242024enka b 000 0 eng d |
| 035 |
|
|
|a (OCoLC)1414162758
|
| 040 |
|
|
|a YDX
|e rda
|c YDX
|d COO
|d BWK
|
| 020 |
|
|
|a 9781108727525
|q paperback
|
| 020 |
|
|
|a 1108727522
|q paperback
|
| 050 |
|
4 |
|a QH492
|b .L68 2024
|
| 082 |
0 |
|
|a 576.801
|2 23/eng/20240430
|
| 100 |
1 |
|
|a Love, Alan C.,
|e author.
|
| 245 |
1 |
0 |
|a Evolution and development :
|b conceptual issues /
|c Alan C. Love, University of Minnesota.
|
| 264 |
|
1 |
|a Cambridge ;
|a New York :
|b Cambridge University Press,
|c [2024].
|
| 264 |
|
4 |
|c ©2024.
|
| 300 |
|
|
|a 89 pages :
|b illustrations ;
|c 23 cm.
|
| 336 |
|
|
|a text
|b txt
|2 rdacontent
|
| 337 |
|
|
|a unmediated
|b n
|2 rdamedia
|
| 338 |
|
|
|a volume
|b nc
|2 rdacarrier
|
| 490 |
1 |
|
|a Cambridge elements. Elements in the philosophy of biology
|
| 504 |
|
|
|a Includes bibliographical references (pages [70]-89).
|
| 520 |
|
|
|a The intersection of development and evolution has always harbored conceptual issues, but many of these are on display in contemporary evolutionary developmental biology (evo-devo). These issues include the precise constitution of evo-devo, with its focus on both the evolution of development and the developmental basis of evolution, and how it fits within evolutionary theory, the nature of evo-devo model systems that comprise the material of comparative and experimental research, the puzzle of how to understand the widely used notion of 'conserved mechanisms,' the definition of evolutionary novelties and expectations for how to explain them and (5) the demand of interdisciplinary collaboration that derives from investigating complex phenomena at key moments in the history of life, such as the fin-limb transition. This Element treats these conceptual issues with close attention to both empirical detail and scientific practice to offer new perspectives on evolution and development.
|
| 650 |
|
0 |
|a Evolutionary developmental biology
|x Philosophy.
|
| 830 |
|
0 |
|a Cambridge elements.
|p Elements in the philosophy of biology.
|
| 945 |
|
|
|b 87639
|
| 947 |
|
|
|a A14852491746
|
| 948 |
|
|
|a dmitchel 9/18/24 2.44.16
|
| 980 |
|
|
|b print
|c 40032276396
|f NONFIC/B
|g 565714
|k USD
|m 17.60
|q 1
|s AcqMono Conventional
|t Approval plan
|u Vendor order reference number
|v ZYBP
|y Print approval
|z Physical resource
|
| 999 |
f |
f |
|i 1ffcf2ba-838c-479c-91b4-6443b556472d
|s 72d27264-e958-4770-9bc9-28e1512c4398
|t 0
|
| 952 |
f |
f |
|p normal
|a Texas A&M University
|b College Station
|c Sterling C. Evans Library
|s Evans stk
|d Evans: Library Stacks
|t 0
|e QH492 .L68 2024
|h Library of Congress classification
|i unmediated -- volume
|m A14852491746
|